Sports Quiz

Random Sports or Football Quiz
Score 0/15 Timer 02:00
0 Plays Today
Position Player % Correct
Passing Yards (Week 16)Eli Manning
99.2%
Passing Yards (Week 16)Philip Rivers
99.2%
Rushing Yards (Week 16)Marshawn Lynch
98.5%
Passing Yards (Week 16)Ryan Tannehill
98.5%
Passing Yards (Week 16)Russell Wilson
98.5%
Rushing Yards (Week 16)Frank Gore
97%
Passing Yards (Week 16)Mark Sanchez
97%
Receiving Yards (Week 16)Odell Beckham
96.2%
Position Player % Correct
Rushing Yards (Week 16)Jeremy Hill
93.9%
Rushing Yards (Week 16)Colin Kaepernick
93.2%
Receiving Yards (Week 16)Randall Cobb
90.2%
Rushing Yards (Week 16)Jonathan Stewart
90.2%
Receiving Yards (Week 16)DeSean Jackson
86.4%
Receiving Yards (Week 16)Rueben Randle
62.9%
Receiving Yards (Week 16)Luke Willson
47.7%
Remove Ads.
Support Sporcle.
Get the best of Sporcle when you Go Orange. This ad-free experience offers more features, more stats, and more fun while also helping to support Sporcle. Thank you for becoming a member.

You're not logged in!

Compare scores with friends on all Sporcle quizzes.
OR
Log In

Show Comments

Extras

Top Quizzes Today


Score Distribution

Your Account Isn't Verified!

In order to create a playlist on Sporcle, you need to verify the email address you used during registration. Go to your Sporcle Settings to finish the process.

Report this User

Report this user for behavior that violates our Community Guidelines.

Details: